000 00299nam a22001337a 4500
008 170911b xxu||||| |||| 00| 0 eng d
020 _a9780134423777
041 _aeng
080 _a91
100 _a42
101 _aGEO
245 _aGEOGRAPHY FOR EDUCATORS
_cHARDWICK.S.W
942 _2udc
_cBK
999 _c26949
_d26949